| 000 | 01009nam a22002417a 4500 | ||
|---|---|---|---|
| 005 | 20230214031100.0 | ||
| 008 | 230214b |||||||| |||| 00| 0 eng d | ||
| 020 | _a978-621-427-061-3 | ||
| 082 | _aFil. 005.7565 Ab117 2019 | ||
| 100 |
_aAbante, Dean Marmelo V. _eauthor |
||
| 245 |
_aIntroduction to database using Microsoft access / _cDean Marmelo V. Abante; co-authors Myra S.J. Santos, John Edgar S. Anthony, Jedric Jgabe B. Santos, Mark Raffy M. Neones, Catherine R. Delfin, Dan Michael A. Cortez |
||
| 260 |
_aManila: _bUnlimited Books Library Services & Publishing, _cc2019. |
||
| 300 |
_aviii, 176p.; _bill. |
||
| 541 | _e6838 c.1, 6839 c.2, 6840 c.3 | ||
| 650 | _aDatabase management | ||
| 650 | _aMicrosoft access | ||
| 700 |
_aSantos, Myra S. J. _eauthor |
||
| 700 |
_aAnthony, John Edgar S.. _eauthor |
||
| 700 |
_aSantos, Jedric Jgabe B. _eauthor |
||
| 700 |
_aNeones, Mark Raffy M. _eauthor |
||
| 700 |
_aDelfin, Catherine R. _eauthor |
||
| 700 |
_aCortez, Dan Michael A. _eauthor |
||
| 999 |
_c1077 _d1077 |
||